<?xml version="1.0" encoding="UTF-8"?>
<collection xmlns="http://www.loc.gov/MARC21/slim">
 <record>
  <leader>00555pamaa2200157   4500</leader>
  <controlfield tag="001">0000017409</controlfield>
  <controlfield tag="005">20060523090000.0</controlfield>
  <datafield tag="020" ind1="0" ind2="0">
   <subfield code="a">0860686477 </subfield>
  </datafield>
  <datafield tag="082" ind1=" " ind2=" ">
   <subfield code="a">940.5315 BAU 1986</subfield>
  </datafield>
  <datafield tag="090" ind1="0" ind2="0">
   <subfield code="a">DS135.P6 </subfield>
   <subfield code="b">BAU 1986</subfield>
  </datafield>
  <datafield tag="100" ind1="1" ind2="0">
   <subfield code="a">BAUMAN </subfield>
  </datafield>
  <datafield tag="245" ind1="1" ind2="0">
   <subfield code="a">Winter in the morning : </subfield>
   <subfield code="b">a young girl's life in the Warsaw Ghetto and beyond, 1939-1945  </subfield>
   <subfield code="c">Janina Bauman.</subfield>
  </datafield>
  <datafield tag="260" ind1="0" ind2="0">
   <subfield code="a">London: </subfield>
   <subfield code="b">Virago Press, </subfield>
   <subfield code="c">1986.</subfield>
  </datafield>
  <datafield tag="300" ind1=" " ind2=" ">
   <subfield code="a">vii, 195p.: </subfield>
   <subfield code="b">24cm.</subfield>
  </datafield>
  <datafield tag="650" ind1="0" ind2="0">
   <subfield code="a">Jews -- </subfield>
   <subfield code="x">History -- </subfield>
   <subfield code="x">20th century -- </subfield>
   <subfield code="z">Poland -- </subfield>
   <subfield code="z">Warsaw </subfield>
  </datafield>
  <datafield tag="650" ind1="0" ind2="0">
   <subfield code="a">World War, 1939-1945 -- </subfield>
   <subfield code="x">Personal narratives, Polish </subfield>
  </datafield>
 </record>
</collection>
